000 00601nam a22002297a 4500
003 UA-OsUOA
001 136972
007 ta
008 20190417b un ||||| |||| 00| 0 ukr d
100 _aКербабаев Б.
090 _a882
_bК36
942 _cBK
040 _aUA-OsUOA
_bukr
_cUA-OsUOA
_dUA-OsUOA
245 _aНебіт-даг
300 _a430 с.
955 _a3
041 _aukr
080 _a882
260 _aК.
_bДніпро
_c1968
650 7 _a8 Мовознавство. Художня література. Літературознавство
_2UDC
999 _c410910
_d410910